<?xml version="1.0" encoding="UTF-8"?>
<record
    xmlns:xsi="http://www.w3.org/2001/XMLSchema-instance"
    xsi:schemaLocation="http://www.loc.gov/MARC21/slim http://www.loc.gov/standards/marcxml/schema/MARC21slim.xsd"
    xmlns="http://www.loc.gov/MARC21/slim">

  <leader>01142nam a22002537a 4500</leader>
  <datafield tag="010" ind1=" " ind2=" ">
    <subfield code="a">A-772765</subfield>
  </datafield>
  <datafield tag="020" ind1=" " ind2=" ">
    <subfield code="c">36.00</subfield>
  </datafield>
  <datafield tag="035" ind1=" " ind2=" ">
    <subfield code="a">A-772765</subfield>
  </datafield>
  <datafield tag="037" ind1=" " ind2=" ">
    <subfield code="a">Cen Lib / Ret</subfield>
  </datafield>
  <datafield tag="040" ind1=" " ind2=" ">
    <subfield code="a">DPL</subfield>
    <subfield code="b">PN</subfield>
  </datafield>
  <datafield tag="082" ind1=" " ind2=" ">
    <subfield code="a">920</subfield>
    <subfield code="b"> &#xA15;&#xA3F;&#xA26;&#xA35;&#xA3E;</subfield>
  </datafield>
  <datafield tag="100" ind1=" " ind2=" ">
    <subfield code="a"> &#xA15;&#xA3F;&#xA26;&#xA35;&#xA3E;&#xA08;, &#xA05;&#xA28;&#xA40;&#xA38; </subfield>
    <subfield code="9">136195</subfield>
  </datafield>
  <datafield tag="245" ind1=" " ind2=" ">
    <subfield code="a">&#xA06;&#xA1C;&#xA3C;&#xA3E;&#xA26;&#xA40; &#xA26;&#xA40; &#xA1B;&#xA3E;&#xA02; &#xA39;&#xA47;&#xA20; /</subfield>
    <subfield code="b">&#xA05;&#xA28;&#xA40;&#xA38; &#xA15;&#xA3F;&#xA26;&#xA35;&#xA3E;&#xA08; ; &#xA05;&#xA28;&#xA41;&#xA35;&#xA3E;&#xA26;&#xA15; &#xA24;&#xA3E;&#xA30;&#xA3E; &#xA38;&#xA3F;&#xA70;&#xA18;</subfield>
  </datafield>
  <datafield tag="246" ind1=" " ind2=" ">
    <subfield code="a">Azadi de chhan heth /</subfield>
    <subfield code="b">by Anish Kidwai ; translated by Tara Singh</subfield>
  </datafield>
  <datafield tag="260" ind1=" " ind2=" ">
    <subfield code="a">&#xA28;&#xA35;&#xA40;&#xA02; &#xA26;&#xA3F;&#xA71;&#xA32;&#xA40;</subfield>
    <subfield code="b">&#xA28;&#xA48;&#xA38;&#xA3C;&#xA28;&#xA32; &#xA2C;&#xA42;&#xA15; &#xA1F;&#xA30;&#xA71;&#xA38;&#xA1F;</subfield>
    <subfield code="c">1990</subfield>
  </datafield>
  <datafield tag="270" ind1=" " ind2=" ">
    <subfield code="a">&#xA0F;-5, &#xA17;&#xA30;&#xA40;&#xA28; &#xA2A;&#xA3E;&#xA30;&#xA15;, </subfield>
    <subfield code="b">&#xA28;&#xA35;&#xA40;&#xA02; &#xA26;&#xA3F;&#xA71;&#xA32;&#xA40;</subfield>
    <subfield code="e">110016</subfield>
  </datafield>
  <datafield tag="300" ind1=" " ind2=" ">
    <subfield code="a">341p ; </subfield>
    <subfield code="b">24cm(hb)</subfield>
  </datafield>
  <datafield tag="650" ind1=" " ind2=" ">
    <subfield code="a">&#xA2D;&#xA3E;&#xA30;&#xA24;&#xA40; - &#xA07;&#xA24;&#xA3F;&#xA39;&#xA3E;&#xA38; - &#xA2D;&#xA3E;&#xA17;, 1947.</subfield>
    <subfield code="9">133192</subfield>
  </datafield>
  <datafield tag="650" ind1=" " ind2=" ">
    <subfield code="a">India -- History -- Partition, 1947.</subfield>
    <subfield code="9">26337</subfield>
  </datafield>
  <datafield tag="650" ind1=" " ind2=" ">
    <subfield code="a">&#xA2B;&#xA3F;&#xA30;&#xA15;&#xA3E;&#xA2A;&#xA4D;&#xA30;&#xA38;&#xA24;&#xA40; - &#xA2D;&#xA3E;&#xA30;&#xA24; &#xA28;&#xA42;&#xA70; - &#xA05;&#xA24;&#xA40;&#xA24;.</subfield>
    <subfield code="9">133625</subfield>
  </datafield>
  <datafield tag="650" ind1=" " ind2=" ">
    <subfield code="a">Communalism -- India -- History.</subfield>
    <subfield code="9">16487</subfield>
  </datafield>
  <datafield tag="700" ind1=" " ind2=" ">
    <subfield code="a">&#xA24;&#xA3E;&#xA30;&#xA3E; &#xA38;&#xA3F;&#xA70;&#xA18;</subfield>
    <subfield code="9">136196</subfield>
  </datafield>
  <datafield tag="942" ind1=" " ind2=" ">
    <subfield code="2">ddc</subfield>
    <subfield code="c">PN</subfield>
    <subfield code="h">920</subfield>
    <subfield code="m"> &#xA15;&#xA3F;&#xA26;&#xA35;&#xA3E;</subfield>
  </datafield>
  <datafield tag="999" ind1=" " ind2=" ">
    <subfield code="c">111148</subfield>
    <subfield code="d">111148</subfield>
  </datafield>
  <datafield tag="952" ind1=" " ind2=" ">
    <subfield code="0">0</subfield>
    <subfield code="1">0</subfield>
    <subfield code="4">0</subfield>
    <subfield code="7">0</subfield>
    <subfield code="a">L</subfield>
    <subfield code="b">L</subfield>
    <subfield code="d">2016-02-13</subfield>
    <subfield code="e">Cen Lib/Ret</subfield>
    <subfield code="g">36.00</subfield>
    <subfield code="l">2</subfield>
    <subfield code="o">920  &#xA15;&#xA3F;&#xA26;&#xA35;&#xA3E;</subfield>
    <subfield code="p">A-772765</subfield>
    <subfield code="r">2018-08-26 00:00:00</subfield>
    <subfield code="s">2018-08-14</subfield>
    <subfield code="t">1</subfield>
    <subfield code="v">36.00</subfield>
    <subfield code="w">2016-02-13</subfield>
    <subfield code="y">PN</subfield>
  </datafield>
</record>
